000
00268nam a22001217a 4500
082
_a
621.382 BOL'W
100
_a
BOLTZ, C. L
_9
56571
245
_a
WIRELESS FOR BEGINNERS
250
_a
5TH
260
_a
LONDON
_b
GEORGE G. HARRAP
_c
1964
300
_a
232P
942
_c
BK
999
_c
566960
_d
566960